[Event "Montevideo Wednesday at the Mystery 1st"]
[Site "Montevideo"]
[Date "2021.09.29"]
[Round "1"]
[White "Carnales, Jonathan"]
[Black "Ferrari, Carlos"]
[Result "0-1"]
[WhiteElo "1645"]
[BlackElo "1680"]
[PlyCount "94"]
[EventDate "2021.09.29"]
[EventType "swiss"]
[EventRounds "5"]
[EventCountry "URU"]
[SourceTitle "EXT 2023"]
[Source "ChessBase"]
[SourceDate "2022.10.05"]
[SourceVersion "1"]
[SourceVersionDate "2022.10.05"]
[SourceQuality "1"]

1. e4 e5 2. Nf3 Nc6 3. Bb5 a6 4. Ba4 Nf6 5. 0-0 Be7 6. Nc3 0-0 7. d3 b5 8. Bb3 d6 9. h3 Na5 10. Bg5 Nxb3 11. cxb3 c6 12. Bxf6 Bxf6 13. Rc1 Bd7 14. Re1 b4 15. Ne2 c5 16. Ng3 g6 17. Rc2 a5 18. Nd2 a4 19. bxa4 Bxa4 20. b3 Bc6 21. Nc4 Bg7 22. Qg4 Bd7 23. Qe2 Be6 24. Rd1 f6 25. Qf3 Ra7 26. Qe2 f5 27. exf5 gxf5 28. f4 Rd7 29. fxe5 dxe5 30. Re1 Bd5 31. Nh5 e4 32. Nxg7 Rxg7 33. Ne3 Bb7 34. dxe4 Bxe4 35. Rxc5 Kh8 36. Qc4 Qh4 37. Kf1 Rd8 38. Re2 Qg3 39. Rc8 Qd6 40. Rxd8+ Qxd8 41. Qxb4 Bd3 42. Ke1 Bxe2 43. Kxe2 Qf6 44. a4 Qe5 45. Qf8+ Rg8 46. Qxf5 Qb2+ 47. Qc2 Rxg2+ 0-1

[Event "URU-chTB"]
[Site "Uruguay"]
[Date "2017.07.08"]
[Round "2.4"]
[White "Carnales, Jonathan"]
[Black "Chinelli, Gabriel"]
[Result "1-0"]
[WhiteElo "1704"]
[BlackElo "1717"]
[PlyCount "75"]
[EventDate "2017.07.07"]
[EventType "team-swiss"]
[EventRounds "5"]
[EventCountry "URU"]
[SourceTitle "EXT 2018"]
[Source "ChessBase"]
[SourceDate "2017.10.13"]
[SourceVersion "1"]
[SourceVersionDate "2017.10.13"]
[SourceQuality "1"]
[WhiteTeam "La Proa II"]
[BlackTeam "Solis de Pando"]
[WhiteTeamCountry "URU"]
[BlackTeamCountry "URU"]

1. e4 e5 2. Nf3 d6 3. Bc4 Nf6 4. Nc3 Be7 5. 0-0 0-0 6. h3 c6 7. d4 Nbd7 8. d5 c5 9. a3 Nb6 10. Ba2 Bd7 11. Nxe5 dxe5 12. d6 Bc6 13. dxe7 Qxe7 14. Bg5 Rad8 15. Qf3 Rd6 16. Qg3 Rfd8 17. f4 Nbd7 18. fxe5 Qxe5 19. Bf4 Qd4+ 20. Be3 Qe5 21. Bf4 Qd4+ 22. Kh1 Nh5 23. Qg5 Nxf4 24. Qxd8+ Nf8 25. Qe7 Rf6 26. Rad1 Qe3 27. Rf3 N4g6 28. Qxf6 gxf6 29. Rxe3 Ne6 30. Rg3 Kf8 31. Bxe6 fxe6 32. Rd6 Ke7 33. Rdd3 a6 34. Rg4 Be8 35. Ne2 Bc6 36. Nf4 Bxe4 37. Nxg6+ Bxg6 38. Rxg6 1-0